[Event "Wch U16 Girls"]
[Site "Florianopolis"]
[Date "2024.10.30"]
[Round "2"]
[White "Tsetskhladze, Mariam"]
[Black "Jankovic, Tamara"]
[Result "1/2-1/2"]
[WhiteElo "2050"]
[BlackElo "1874"]
[PlyCount "137"]
[EventDate "2024.10.29"]
[EventType "swiss"]
[EventRounds "11"]
[EventCountry "BRA"]
[SourceTitle "CB45_2024"]
[Source "ChessBase"]
[SourceDate "2024.11.06"]
[SourceVersion "1"]
[SourceVersionDate "2024.11.06"]
[SourceQuality "1"]

1. e4 c5 2. Nf3 d6 3. d4 cxd4 4. Nxd4 Nf6 5. Nc3 Nc6 6. Bg5 e6 7. Qd2 a6 8. f4 Be7 9. Nf3 h6 10. Bxf6 Bxf6 11. 0-0-0 Be7 12. g4 b5 13. Kb1 Qa5 14. Bg2 Bb7 15. h4 0-0-0 16. g5 Kb8 17. f5 d5 18. exd5 b4 19. Ne2 Rxd5 20. Nfd4 Nxd4 21. Bxd5 Bxd5 22. Qf4+ Kc8 23. Qxd4 Rd8 24. b3 Bxh1 25. Qc4+ Kb7 26. Rxh1 Qxf5 27. Ng3 Qf3 28. Qe4+ Qxe4 29. Nxe4 Rd4 30. Rf1 f5 31. gxf6 gxf6 32. Nxf6 Rxh4 33. Nd7 Kc7 34. Ne5 Re4 35. Nd3 h5 36. Rf7 Kd6 37. Rh7 h4 38. Kc1 Rg4 39. Kd1 Rg1+ 40. Ke2 Rg2+ 41. Kf3 Rxc2 42. Nxb4 Rc3+ 43. Ke4 a5 44. Nd3 Rc2 45. Nf4 Rxa2 46. Rh6 Bg5 47. Rxe6+ Kd7 48. Ra6 Bxf4 49. Kxf4 h3 50. Rh6 h2 51. Ke4 Rf2 52. Kd5 Ke7 53. Ke4 Kf7 54. Ke3 Rb2 55. Kf4 Kg7 56. Rh3 Kf6 57. Rh6+ Ke7 58. Ke5 Kd7 59. Kd4 Rxb3 60. Rxh2 Kc6 61. Rh5 a4 62. Ra5 Rg3 63. Kc4 Rg4+ 64. Kc3 Kb6 65. Rh5 a3 66. Kb3 Rg3+ 67. Ka2 Ka6 68. Rf5 Kb6 69. Rh5 1/2-1/2

[Event "EU-ch U16 Girls"]
[Site "Prague"]
[Date "2024.08.30"]
[Round "8"]
[White "Jankovic, Tamara"]
[Black "Haapsal, Maria Ioanna"]
[Result "1/2-1/2"]
[WhiteElo "1877"]
[BlackElo "1704"]
[PlyCount "74"]
[EventDate "2024.08.22"]
[EventType "swiss"]
[EventRounds "9"]
[EventCountry "CZE"]
[SourceTitle "CBM 221 Extra"]
[Source "ChessBase"]
[SourceDate "2024.09.30"]
[SourceVersion "1"]
[SourceVersionDate "2024.09.30"]
[SourceQuality "1"]

1. e4 c6 2. d4 d5 3. exd5 cxd5 4. Bd3 Nf6 5. h3 Nc6 6. c3 g6 7. Nf3 Bf5 8. Be2 Bg7 9. Bf4 0-0 10. Nbd2 Ne4 11. g4 Nxd2 12. Qxd2 Bd7 13. Bd3 f6 14. Bc2 Be8 15. 0-0-0 e5 16. dxe5 fxe5 17. Bg5 Qa5 18. Ne1 Qxa2 19. Qxd5+ Qxd5 20. Rxd5 Rxf2 21. Nd3 Rf8 22. Nc5 h6 23. Bh4 g5 24. Bg3 Bf7 25. Rd6 Rab8 26. Be4 Rfd8 27. Rxd8+ Nxd8 28. Nd7 Rc8 29. Nxe5 Bxe5 30. Bxe5 Nc6 31. Bg3 Re8 32. Re1 Kg7 33. Bg2 Rd8 34. Rd1 Rxd1+ 35. Kxd1 Bb3+ 36. Kd2 Kf6 37. Ke3 Ke6 1/2-1/2

[Event "EU-ch U16 Girls"]
[Site "Prague"]
[Date "2024.08.23"]
[Round "2"]
[White "Jankovic, Tamara"]
[Black "Haug, Mara"]
[Result "1-0"]
[WhiteElo "1877"]
[BlackElo "1958"]
[PlyCount "123"]
[EventDate "2024.08.22"]
[EventType "swiss"]
[EventRounds "9"]
[EventCountry "CZE"]
[SourceTitle "CBM 221 Extra"]
[Source "ChessBase"]
[SourceDate "2024.09.30"]
[SourceVersion "1"]
[SourceVersionDate "2024.09.30"]
[SourceQuality "1"]

1. e4 c5 2. Nf3 Nc6 3. Bb5 g6 4. Bxc6 dxc6 5. e5 Bg7 6. h3 f6 7. 0-0 fxe5 8. Re1 Nf6 9. Nxe5 0-0 10. d3 Nd5 11. Nd2 Qd6 12. Ndf3 Nf4 13. Bxf4 Rxf4 14. Qe2 b5 15. Rad1 Bb7 16. c3 Raf8 17. Ng4 Bc8 18. Qxe7 Qxe7 19. Rxe7 Bxg4 20. hxg4 Rxg4 21. Ne5 Ra4 22. a3 Bxe5 23. Rxe5 Raf4 24. f3 R4f5 25. Rde1 Kg7 26. Kf2 Rxe5 27. Rxe5 Rf5 28. Re7+ Rf7 29. Re8 a5 30. Rc8 Rf6 31. a4 bxa4 32. Ra8 c4 33. Rxa5 cxd3 34. Rxa4 c5 35. Ke3 Rd6 36. Kd2 Kf6 37. Re4 h5 38. b4 cxb4 39. Rxb4 Kf5 40. Re4 g5 41. Rd4 Ra6 42. g4+ hxg4 43. fxg4+ Ke5 44. Kxd3 Ra1 45. Re4+ Kd6 46. Kd4 Rd1+ 47. Kc4 Rg1 48. Kb5 Rb1+ 49. Rb4 Rg1 50. c4 Kc7 51. c5 Rg2 52. Re4 Rb2+ 53. Kc4 Rg2 54. Kd5 Rd2+ 55. Ke6 Kc6 56. Re5 Rd1 57. Rxg5 Rg1 58. Kf6 Rf1+ 59. Rf5 Rg1 60. g5 Rg2 61. g6 Rg3 62. g7 1-0

[Event "Belgrade Trophy 36th"]
[Site "Belgrade"]
[Date "2023.12.01"]
[Round "7"]
[White "Jankovic, Tamara"]
[Black "Kutanjac, Aleksandar"]
[Result "1-0"]
[WhiteElo "1711"]
[BlackElo "1960"]
[PlyCount "64"]
[EventDate "2023.11.25"]
[EventType "swiss"]
[EventRounds "9"]
[EventCountry "SRB"]
[SourceTitle "CBM 217 Extra"]
[Source "ChessBase"]
[SourceDate "2024.01.31"]
[SourceVersion "1"]
[SourceVersionDate "2024.01.31"]
[SourceQuality "1"]

1. e4 e6 2. d4 d5 3. exd5 exd5 4. c4 c6 5. Nc3 Nf6 6. Nf3 Be7 7. Bd3 0-0 8. 0-0 Bg4 9. Be3 Nbd7 10. h3 Bh5 11. Rc1 Re8 12. cxd5 Nxd5 13. Nxd5 cxd5 14. Bf5 Nb6 15. Bf4 Bd6 16. Bxd6 Qxd6 17. g4 Bg6 18. Bxg6 hxg6 19. Ne5 g5 20. b3 f6 21. Nd3 Kf7 22. Qd2 Re7 23. Nc5 Rae8 24. Rce1 Rxe1 25. Rxe1 Rxe1+ 26. Qxe1 Qc6 27. Qb4 Kg6 28. a4 Qd6 29. Qe1 Qc7 30. Qe8+ Kh7 31. a5 Nc8 32. Ne6 Qc6 1-0

[Event "Wch U14 Girls"]
[Site "Montesilvano"]
[Date "2023.11.18"]
[Round "6"]
[White "Nguyen, Thuy Linh1"]
[Black "Jankovic, Tamara"]
[Result "0-1"]
[WhiteElo "1398"]
[BlackElo "1711"]
[PlyCount "66"]
[EventDate "2023.11.13"]
[EventType "swiss"]
[EventRounds "11"]
[EventCountry "ITA"]
[SourceTitle "CBM 217 Extra"]
[Source "ChessBase"]
[SourceDate "2024.01.31"]
[SourceVersion "1"]
[SourceVersionDate "2024.01.31"]
[SourceQuality "1"]

1. d4 Nf6 2. Nf3 g6 3. g3 Bg7 4. Bg2 0-0 5. c4 d6 6. Nc3 Nbd7 7. e4 e5 8. d5 Nc5 9. Qc2 a5 10. 0-0 b6 11. Ne1 Ne8 12. Nd3 Nxd3 13. Qxd3 f5 14. f4 fxe4 15. Bxe4 Bh3 16. Rf2 Nf6 17. fxe5 Ng4 18. Rxf8+ Qxf8 19. Qe2 Bxe5 20. Nb5 Qf6 21. Be3 Bxb2 22. Rb1 Re8 23. Qxb2 Qxb2 24. Rxb2 Rxe4 25. Bd2 Re7 26. Bc3 Rf7 27. Rb1 Rf2 28. Bd4 Rg2+ 29. Kh1 Rxh2+ 30. Kg1 Rd2 31. Nxc7 Rxd4 32. Ne6 Rd3 33. Rxb6 Rb3 0-1

[Event "SRB-chT (Women) Div1"]
[Site "Senta"]
[Date "2023.10.14"]
[Round "5.2"]
[White "Jankovic, Tamara"]
[Black "Toncheva, Nadya"]
[Result "0-1"]
[WhiteElo "1636"]
[BlackElo "2253"]
[PlyCount "94"]
[EventDate "2023.10.10"]
[EventType "team-tourn"]
[EventRounds "11"]
[EventCountry "SRB"]
[SourceTitle "CBM 216 Extra"]
[Source "ChessBase"]
[SourceDate "2023.11.30"]
[SourceVersion "1"]
[SourceVersionDate "2023.11.30"]
[SourceQuality "1"]
[WhiteTeam "Belgrade Vidikovac (W)"]
[BlackTeam "Kostolac Rudar (W)"]
[WhiteTeamCountry "SRB"]
[BlackTeamCountry "SRB"]

1. e4 c5 2. Nf3 Nc6 3. Bb5 e6 4. Bxc6 bxc6 5. d3 Ne7 6. Nbd2 Ng6 7. h4 h5 8. e5 f6 9. Qe2 Qc7 10. Nc4 Ba6 11. Qe4 Kf7 12. Bf4 Bxc4 13. dxc4 d5 14. exd6 Bxd6 15. Bxd6 Qxd6 16. Rd1 Qc7 17. 0-0 Rad8 18. Rfe1 Rd6 19. Rxd6 Qxd6 20. Re2 Rc8 21. Rd2 Qe7 22. g3 Rc7 23. Kg2 Nf8 24. b3 g6 25. Ne1 e5 26. Nf3 Ne6 27. c3 Ng7 28. Re2 Nf5 29. Nd2 Qd8 30. Nf1 Qc8 31. Ne3 Ne7 32. f4 exf4 33. Qxf4 Qd8 34. Nf1 Nf5 35. Qf2 Qd3 36. Qf3 Qb1 37. Qe4 Qxf1+ 38. Kxf1 Nxg3+ 39. Kf2 Nxe4+ 40. Rxe4 Re7 41. Ke3 Rxe4+ 42. Kxe4 Ke6 43. b4 cxb4 44. cxb4 g5 45. b5 cxb5 46. cxb5 Kd6 47. Kd4 gxh4 0-1

[Event "EU-ch Hybrid U12 Girls"]
[Site "Tornelo INT"]
[Date "2021.10.15"]
[Round "6"]
[White "Jankovic, Tamara"]
[Black "Kuzmina, Varvara"]
[Result "1/2-1/2"]
[WhiteElo "1640"]
[BlackElo "1465"]
[PlyCount "73"]
[EventDate "2021.10.15"]
[EventType "swiss"]
[EventRounds "9"]
[EventCountry "NET"]
[SourceTitle "EXT 2023"]
[Source "ChessBase"]
[SourceDate "2022.10.05"]
[SourceVersion "1"]
[SourceVersionDate "2022.10.05"]
[SourceQuality "1"]
[WhiteTeam "Serbia"]
[BlackTeam "Russia"]
[WhiteTeamCountry "SRB"]
[BlackTeamCountry "RUS"]

1. e4 c6 2. d4 d5 3. exd5 cxd5 4. Bd3 Nc6 5. c3 Nf6 6. h3 g6 7. Nf3 Bf5 8. Bxf5 gxf5 9. Bf4 e6 10. Nbd2 Rg8 11. Rg1 Ne4 12. Nxe4 fxe4 13. Ne5 Nxe5 14. Bxe5 Bd6 15. Qa4+ Qd7 16. Qxd7+ Kxd7 17. h4 Bxe5 18. dxe5 Rg4 19. g3 Rag8 20. Ke2 e3 21. Kxe3 Re4+ 22. Kd3 Rxe5 23. Rae1 Rf5 24. Rg2 h5 25. Re3 Kd6 26. f3 b5 27. Ke2 a5 28. Kf2 Kc5 29. Rg1 e5 30. Rge1 f6 31. Kg2 b4 32. Rc1 bxc3 33. Rexc3+ Kb4 34. Rb3+ Ka4 35. Ra3+ Kb5 36. Rb3+ Ka4 37. Ra3+ 1/2-1/2

[Event "EU-ch Hybrid U12 Girls"]
[Site "Tornelo INT"]
[Date "2021.10.15"]
[Round "1"]
[White "Valente, Sofia"]
[Black "Jankovic, Tamara"]
[Result "0-1"]
[WhiteElo "1310"]
[BlackElo "1640"]
[PlyCount "88"]
[EventDate "2021.10.15"]
[EventType "swiss"]
[EventRounds "9"]
[EventCountry "NET"]
[SourceTitle "EXT 2023"]
[Source "ChessBase"]
[SourceDate "2022.10.05"]
[SourceVersion "1"]
[SourceVersionDate "2022.10.05"]
[SourceQuality "1"]
[WhiteTeam "Portugal"]
[BlackTeam "Serbia"]
[WhiteTeamCountry "POR"]
[BlackTeamCountry "SRB"]

1. e4 c5 2. Nf3 d6 3. d4 cxd4 4. Nxd4 Nf6 5. Nc3 Nc6 6. Bg5 e6 7. Qd2 a6 8. 0-0-0 h6 9. Nxc6 bxc6 10. Bf4 d5 11. Qe3 Be7 12. Be2 Bb7 13. h4 Qa5 14. Kb1 Bc5 15. Qg3 Bf8 16. Bc7 Qc5 17. Na4 Nxe4 18. Qb3 Qb4 19. Qxb4 Bxb4 20. c3 Bd6 21. Bb6 c5 22. Rhf1 Bc6 23. Nxc5 Bxc5 24. Bxc5 Nxc5 25. Rfe1 Ke7 26. Bf3 Kf6 27. c4 Rhd8 28. cxd5 Bxd5 29. Bxd5 Rxd5 30. Rxd5 exd5 31. Rd1 Rd8 32. Rc1 Ne6 33. Rc6 Ra8 34. Rd6 Ke5 35. Rd7 f6 36. Kc2 Rc8+ 37. Kd2 Rd8 38. Ra7 Rd6 39. Ke3 d4+ 40. Kd2 Kf5 41. f3 Kf4 42. Ke2 Kg3 43. Kf1 Kxh4 44. Rb7 Kg3 0-1

[Event "SRB-chT (Women) Div1"]
[Site "Vrnjacka Banja"]
[Date "2021.09.14"]
[Round "9.4"]
[White "Jankovic, Tamara"]
[Black "Gajcin, Marina"]
[Result "0-1"]
[WhiteElo "1614"]
[BlackElo "2204"]
[PlyCount "100"]
[EventDate "2021.09.07"]
[EventType "tourn"]
[EventRounds "11"]
[EventCountry "SRB"]
[SourceTitle "CBM 204 Extra"]
[Source "ChessBase"]
[SourceDate "2021.11.30"]
[SourceVersion "1"]
[SourceVersionDate "2021.11.30"]
[SourceQuality "1"]
[WhiteTeam "Belgrade Vidikovac (W)"]
[BlackTeam "Sremska Mitrovica Sirmium (W)"]
[WhiteTeamCountry "SRB"]
[BlackTeamCountry "SRB"]

1. e4 c5 2. Nf3 Nc6 3. Bb5 g6 4. Bxc6 dxc6 5. d3 Bg7 6. 0-0 e5 7. b3 Ne7 8. Bb2 Qc7 9. c4 0-0 10. Nc3 h6 11. h3 Be6 12. Qe2 Rad8 13. Rad1 b6 14. Nh2 Bc8 15. Qe3 Kh7 16. Bc1 Ng8 17. Ne2 f5 18. exf5 gxf5 19. Nf3 f4 20. Qd2 Bf5 21. Ne1 Rd6 22. Qc2 Qd7 23. Kh2 Ne7 24. Nc3 Ng6 25. f3 Rd8 26. Ne4 Re6 27. Bb2 Ne7 28. Rf2 Bg6 29. Rfd2 Nf5 30. Qb1 Ne3 31. Rc1 Bxe4 32. fxe4 Nf1+ 33. Kg1 Nxd2 34. Qc2 Nxe4 35. dxe4 Rd6 36. Nf3 Qe7 37. Qc3 Qd7 38. Qc2 Bf6 39. Bc3 Qg7 40. Kh1 R6d7 41. Rg1 Qe7 42. Nh2 Qd6 43. Ng4 Bg7 44. Qf2 Qe7 45. Qb2 Rd1 46. Bxe5 Rxg1+ 47. Kxg1 Rd1+ 48. Kh2 Bxe5 49. Nxe5 Qg7 50. Qc2 Qg3# 0-1

[Event "SRB-chT (Women) Div1"]
[Site "Vrnjacka Banja"]
[Date "2021.09.10"]
[Round "4.4"]
[White "Vujcic, Milena"]
[Black "Jankovic, Tamara"]
[Result "1-0"]
[WhiteElo "2068"]
[BlackElo "1614"]
[PlyCount "57"]
[EventDate "2021.09.07"]
[EventType "tourn"]
[EventRounds "11"]
[EventCountry "SRB"]
[SourceTitle "CBM 204 Extra"]
[Source "ChessBase"]
[SourceDate "2021.11.30"]
[SourceVersion "1"]
[SourceVersionDate "2021.11.30"]
[SourceQuality "1"]
[WhiteTeam "Goracici Jelica (W)"]
[BlackTeam "Belgrade Vidikovac (W)"]
[WhiteTeamCountry "SRB"]
[BlackTeamCountry "SRB"]

1. e4 c5 2. Nf3 d6 3. d4 cxd4 4. Nxd4 Nf6 5. Nc3 Nc6 6. Bg5 e6 7. Qd2 a6 8. 0-0-0 h6 9. Be3 Bd7 10. f4 b5 11. Bd3 Qa5 12. Kb1 e5 13. Nb3 Qc7 14. Nd5 Nxd5 15. exd5 Nd8 16. Be2 Nb7 17. Bf3 Rc8 18. Qf2 Be7 19. g4 e4 20. Bxe4 Bxg4 21. Rdg1 f5 22. Bd3 0-0 23. Nd4 Nc5 24. h3 Nxd3 25. cxd3 Bh5 26. Ne6 Qb7 27. Rxg7+ Kh8 28. Qg2 Bf3 29. Rh7+ 1-0

[Event "SRB-chT (Women) Div1"]
[Site "Vrnjacka Banja"]
[Date "2021.09.07"]
[Round "1.4"]
[White "Blagojevic, Tijana"]
[Black "Jankovic, Tamara"]
[Result "1-0"]
[WhiteElo "2267"]
[BlackElo "1614"]
[PlyCount "59"]
[EventDate "2021.09.07"]
[EventType "tourn"]
[EventRounds "11"]
[EventCountry "SRB"]
[SourceTitle "CBM 204 Extra"]
[Source "ChessBase"]
[SourceDate "2021.11.30"]
[SourceVersion "1"]
[SourceVersionDate "2021.11.30"]
[SourceQuality "1"]
[WhiteTeam "Nis Osnovac (W)"]
[BlackTeam "Belgrade Vidikovac (W)"]
[WhiteTeamCountry "SRB"]
[BlackTeamCountry "SRB"]

1. e4 c5 2. Nf3 d6 3. Bb5+ Nc6 4. Bxc6+ bxc6 5. 0-0 Nf6 6. e5 dxe5 7. Nxe5 Qc7 8. Qf3 Bb7 9. Re1 e6 10. d3 Nd5 11. Nd2 Bd6 12. Ndc4 Bxe5 13. Nxe5 0-0 14. b3 f6 15. Nc4 e5 16. Ba3 Nb4 17. Re2 Rfd8 18. Qe3 Qe7 19. Bxb4 cxb4 20. f4 Re8 21. Rae1 Ba6 22. fxe5 Bxc4 23. bxc4 Qc7 24. e6 Re7 25. d4 Rae8 26. d5 cxd5 27. cxd5 Qa5 28. d6 Rxe6 29. Qb3 Qb6+ 30. Kh1 1-0